[Event "Paracin 2018"]
[Site "Paracin"]
[Date "2018.07.10"]
[Round "6.2"]
[White "Gukesh, D."]
[Black "Tan, Justin"]
[Result "0-1"]
[WhiteElo "2433"]
[BlackElo "2481"]
[PlyCount "166"]
[EventDate "2018.??.??"]

1. Nf3 c5 2. g3 Nc6 3. Bg2 g6 4. O-O Bg7 5. c3 e5 6. e4 d6 7. a3 Nge7 8. b4 O-O
9. d3 h6 10. Nbd2 Be6 11. Nb3 cxb4 12. axb4 a6 13. Re1 Rb8 14. Nfd2 f5 15. Nf1
Qe8 16. exf5 gxf5 17. c4 Qf7 18. Rb1 b5 19. c5 Bxb3 20. Qxb3 Qxb3 21. Rxb3 dxc5
22. bxc5 b4 23. Ne3 a5 24. Nd5 a4 25. Rb1 Rfd8 26. Nxe7+ Nxe7 27. c6 Rdc8 28.
c7 Rxc7 29. Ba3 b3 30. Bd6 Rbc8 31. Bxc7 Rxc7 32. g4 Ra7 33. gxf5 Nxf5 34. Bd5+
Kf8 35. Bxb3 axb3 36. Rxb3 Nd4 37. Rb8+ Kf7 38. Reb1 Kg6 39. R1b6+ Kf5 40. R8b7
Ra1+ 41. Rb1 Nf3+ 42. Kh1 Rxb1+ 43. Rxb1 Bf6 44. Kg2 Nd4 45. Re1 Ne6 46. Rd1
Nf4+ 47. Kg3 h5 48. f3 Be7 49. Kf2 Bc5+ 50. Kf1 Bd4 51. Rd2 Kg5 52. Rd1 Kh4 53.
Rd2 Kh3 54. Rc2 Nxd3 55. Rd2 Nf4 56. Ra2 Nd5 57. Re2 Be3 58. Ra2 Bf4 59. Kg1
Ne3 60. Rb2 Nf5 61. Kh1 Nd4 62. Rf2 h4 63. Ra2 Nxf3 64. Ra3 Kg4 65. h3+ Kg3 66.
Rb3 Bg5 67. Ra3 e4 68. Rb3 Kf2 69. Rb2+ Bd2 70. Rb1 Ne1 71. Rb8 e3 72. Rf8+ Nf3
73. Rg8 e2 74. Rg2+ Ke3 75. Rxe2+ Kxe2 76. Kg2 Ng5 77. Kh2 Bf4+ 78. Kg2 Be5 79.
Kg1 Nxh3+ 80. Kg2 Ng5 81. Kg1 Kf3 82. Kh1 Ne4 83. Kg1 Nf2 0-1

[Event "Paracin 2018"]
[Site "Paracin"]
[Date "2018.07.10"]
[Round "6.3"]
[White "Ivic, Velimir"]
[Black "Georgiev, Kiril"]
[Result "1/2-1/2"]
[WhiteElo "2432"]
[BlackElo "2596"]
[PlyCount "127"]
[EventDate "2018.??.??"]

1. e4 c5 2. Nf3 d6 3. d4 Nf6 4. Nc3 cxd4 5. Nxd4 a6 6. Bg5 e6 7. f4 Qb6 8. Qd3
Qxb2 9. Rb1 Qa3 10. f5 Be7 11. fxe6 fxe6 12. Be2 Qa5 13. Bd2 Qc7 14. g4 h6 15.
Rg1 Nc6 16. Nxc6 Qxc6 17. e5 Qc5 18. Qg6+ Kd8 19. Rg3 Qxe5 20. Na4 Nd5 21. c4
Nf4 22. Bxf4 Qxf4 23. Nb6 Rb8 24. Rf3 Qg5 25. Qxg5 hxg5 26. h3 Bf6 27. Rd3 Ke7
28. Rdb3 Bd4 29. Nxc8+ Rhxc8 30. Rxb7+ Rxb7 31. Rxb7+ Kf6 32. Kd2 Bc5 33. Bd3
Rh8 34. Bf1 a5 35. a4 Rf8 36. Be2 Rc8 37. Kd3 g6 38. Rb5 Bb4 39. Bf3 Rc7 40.
Rb7 Rc5 41. Rd7 Ke5 42. Rg7 Kf4 43. Rf7+ Kg3 44. Rf6 Re5 45. Bc6 Rc5 46. Bd7
Kxh3 47. Bxe6 Re5 48. Rxg6 Bc5 49. Bf5 Re3+ 50. Kd2 Ra3 51. Bd7 Kg3 52. Rf6
Bb4+ 53. Ke2 Rc3 54. Rf5 Kh4 55. Be6 Bc5 56. Rf3 Rc2+ 57. Kd3 Ra2 58. Bd7 Rb2
59. Ke4 Rb7 60. Rf7 Kg3 61. Rf3+ Kh4 62. Rf7 Kg3 63. Rf3+ Kh4 64. Rf7 1/2-1/2

[Event "Paracin 2018"]
[Site "Paracin"]
[Date "2018.07.10"]
[Round "6.8"]
[White "Shyam, Sundar M"]
[Black "Wadsworth, Matthew J"]
[Result "1/2-1/2"]
[WhiteElo "2527"]
[BlackElo "2377"]
[PlyCount "89"]
[EventDate "2018.??.??"]

1. e4 c5 2. Nc3 e6 3. Nge2 Nc6 4. d4 cxd4 5. Nxd4 Qc7 6. g3 a6 7. Bg2 Nf6 8.
O-O Nxd4 9. Qxd4 Bc5 10. Bf4 d6 11. Qd2 h6 12. Rad1 e5 13. Be3 Be6 14. Bxc5
dxc5 15. Nd5 Bxd5 16. exd5 Qd6 17. Rfe1 O-O 18. c4 Nd7 19. Re2 f5 20. Rde1 Rae8
21. f4 e4 22. Bf1 h5 23. h4 b5 24. Re3 Rb8 25. Rc1 Rb6 26. Be2 g6 27. Rec3 Rfb8
28. Rb3 Qf6 29. Rd1 Qd6 30. Kg2 Kf7 31. Rc1 Ke7 32. Qe3 bxc4 33. Bxc4 Qf6 34.
Rc2 a5 35. d6+ Kf8 36. Qd2 a4 37. Rxb6 Rxb6 38. Qa5 Rxd6 39. Bb5 Qd4 40. Qd8+
Kg7 41. Qe7+ Kh6 42. Qg5+ Kg7 43. Qe7+ Kh6 44. Qg5+ Kg7 45. Qe7+ 1/2-1/2

[Event "Paracin 2018"]
[Site "Paracin"]
[Date "2018.07.10"]
[Round "6.9"]
[White "Asadli, Vugar"]
[Black "Peng, Shunkai"]
[Result "1-0"]
[WhiteElo "2478"]
[BlackElo "2390"]
[PlyCount "107"]
[EventDate "2018.??.??"]

1. Nf3 d5 2. g3 Nf6 3. Bg2 e6 4. O-O Be7 5. d3 O-O 6. Nbd2 Nc6 7. e4 dxe4 8.
dxe4 e5 9. Qe2 Bc5 10. c3 a5 11. Nc4 Qe7 12. Nh4 Bg4 13. Qc2 Qe6 14. b3 Bh3 15.
a4 Rad8 16. Bg5 Bxg2 17. Kxg2 h6 18. Bxf6 Qxf6 19. Rad1 Qe6 20. Qe2 g6 21. Nf3
b6 22. h4 h5 23. Ng5 Qc8 24. Rxd8 Rxd8 25. Qf3 Qd7 26. Qf6 Bd6 27. Ne3 Qe8 28.
Nd5 Ne7 29. Re1 Nxd5 30. exd5 Qe7 31. Qf3 Re8 32. Qd3 Qd7 33. Re3 Bc5 34. Re2
c6 35. Ne4 Be7 36. d6 f5 37. Qc4+ Kg7 38. dxe7 fxe4 39. Rxe4 Rxe7 40. Qe2 Kf6
41. Qe3 Qc7 42. Qg5+ Kf7 43. g4 hxg4 44. h5 gxh5 45. Qxh5+ Kg8 46. Qg6+ Rg7 47.
Qe8+ Kh7 48. Qh5+ Kg8 49. Rxe5 Rf7 50. Re8+ Kg7 51. Qg5+ Kh7 52. Qg8+ Kh6 53.
Re6+ Kh5 54. Qg6+ 1-0

[Event "Paracin 2018"]
[Site "Paracin"]
[Date "2018.07.10"]
[Round "6.10"]
[White "Harvey, Marcus R"]
[Black "Milanovic, Danilo"]
[Result "1-0"]
[WhiteElo "2362"]
[BlackElo "2471"]
[PlyCount "153"]
[EventDate "2018.??.??"]

1. Nf3 d5 2. b3 Bf5 3. Bb2 e6 4. c4 c6 5. d3 h6 6. g3 Nf6 7. Bg2 Be7 8. O-O O-O
9. Nbd2 Nbd7 10. Rc1 Bh7 11. Rc2 a5 12. a3 Bd6 13. Qa1 Qe7 14. cxd5 exd5 15. e4
dxe4 16. Nxe4 Rfe8 17. Re2 Qf8 18. Nfd2 Nd5 19. Nc4 Bc7 20. Rfe1 Bf5 21. h3 Bg6
22. f4 Rad8 23. Bd4 f6 24. Bf3 Kh8 25. h4 f5 26. Nf2 Rxe2 27. Rxe2 Bf7 28. Re1
Kh7 29. Bg2 Nc5 30. Qb2 b5 31. Ne5 Be8 32. Kh1 a4 33. Bxc5 Qxc5 34. b4 Qd6 35.
d4 Ne7 36. Nfd3 Nd5 37. Nc5 Qf6 38. Qc1 Bb6 39. Nf3 Bf7 40. Qc2 Bc7 41. Ne5 Be8
42. Nb7 Rb8 43. Bxd5 Rxb7 44. Bxc6 Bxc6+ 45. Qxc6 Qxc6+ 46. Nxc6 Bd6 47. Kg2
Rd7 48. Kf3 Kg8 49. h5 Kf8 50. Re6 Kf7 51. d5 Bc7 52. Ne5+ Bxe5 53. Rxe5 Rc7
54. Rxf5+ Ke7 55. d6+ Kxd6 56. Rxb5 Rc3+ 57. Kg4 Ke6 58. Rc5 Rxa3 59. Rc6+ Kf7
60. Ra6 Ke7 61. Kf5 Rxg3 62. Rxa4 Kf7 63. Ra7+ Kg8 64. Rc7 Rb3 65. Rb7 Rb1 66.
b5 Kh7 67. b6 Rh1 68. Ke6 Rxh5 69. f5 Rh1 70. f6 Re1+ 71. Kd6 Rd1+ 72. Ke7 gxf6
73. Kxf6+ Kh8 74. Re7 Rd6+ 75. Re6 Rd8 76. b7 Rf8+ 77. Ke7 1-0

[Event "Paracin 2018"]
[Site "Paracin"]
[Date "2018.07.10"]
[Round "6.14"]
[White "Yordanov, Lachezar"]
[Black "Gadimbayli, Abdulla"]
[Result "1/2-1/2"]
[WhiteElo "2290"]
[BlackElo "2420"]
[PlyCount "117"]
[EventDate "2018.??.??"]

1. b3 g6 2. Bb2 Nf6 3. Nf3 Bg7 4. g3 O-O 5. Bg2 d5 6. c4 Nc6 7. cxd5 Qxd5 8.
O-O Qh5 9. d3 Bh3 10. Nbd2 Rad8 11. Rc1 e5 12. Rc4 Ng4 13. Ne4 Bxg2 14. Kxg2 f5
15. Neg5 e4 16. Bxg7 exf3+ 17. Nxf3 Kxg7 18. h3 Kg8 19. Rh1 Nxf2 20. Kxf2 Qh6
21. Rh4 Qg7 22. Ng5 f4 23. Rxf4 Rxf4+ 24. gxf4 Qd4+ 25. e3 Qxd3 26. Qxd3 Rxd3
27. Ke2 Rd5 28. Rc1 h6 29. Ne4 Kf8 30. Nc5 Nd8 31. e4 Rd6 32. Ke3 Rc6 33. Kd4
b6 34. Nd3 Ne6+ 35. Ke5 Rxc1 36. Nxc1 Ke7 37. Nd3 c5 38. f5 gxf5 39. Kxf5 b5
40. Ke5 c4 41. bxc4 bxc4 42. Nb4 Ng5 43. Kd4 Nxh3 44. Nc6+ Kd7 45. Ne5+ Ke6 46.
Nxc4 Ng5 47. Ke3 h5 48. Kf4 h4 49. Ne3 h3 50. Ng4 Nf7 51. Kg3 Nd6 52. e5 Nc4
53. Kxh3 Nxe5 54. Nxe5 Kxe5 55. Kg3 Kd4 56. Kf3 a5 57. Ke2 Kc3 58. Kd1 Kb2 59.
a4 1/2-1/2

[Event "Paracin 2018"]
[Site "Paracin"]
[Date "2018.07.10"]
[Round "6.18"]
[White "Avalyan, Artur"]
[Black "Yilmazyerli, Mert"]
[Result "1/2-1/2"]
[WhiteElo "2315"]
[BlackElo "2491"]
[PlyCount "52"]
[EventDate "2018.??.??"]

1. d4 Nf6 2. c4 g6 3. Nc3 Bg7 4. e4 d6 5. Be2 O-O 6. Be3 Na6 7. Nf3 e5 8. d5
Ng4 9. Bg5 f6 10. Bh4 h5 11. Nd2 c5 12. h3 Nh6 13. g4 hxg4 14. hxg4 Nf7 15. a3
Bh6 16. Qc2 Bd7 17. Rb1 Kg7 18. Kf1 Rh8 19. Kg2 Bf4 20. Qd3 Ng5 21. Bg3 Bxg3
22. Qxg3 Qb6 23. Nb5 Nc7 24. Nxc7 Qxc7 25. Qc3 Rxh1 26. Rxh1 Rh8 1/2-1/2

[Event "Paracin 2018"]
[Site "Paracin"]
[Date "2018.07.10"]
[Round "6.19"]
[White "Fernandez, Daniel Howard"]
[Black "Cerovic, Danilo"]
[Result "1/2-1/2"]
[WhiteElo "2477"]
[BlackElo "2294"]
[PlyCount "61"]
[EventDate "2018.??.??"]

1. f4 d5 2. Nf3 g6 3. e3 Bg7 4. c4 e6 5. Nc3 c5 6. cxd5 exd5 7. d4 cxd4 8. exd4
Ne7 9. Bb5+ Nbc6 10. O-O Bg4 11. Be3 O-O 12. Qd3 Bxf3 13. Rxf3 Nf5 14. Bxc6
bxc6 15. Bf2 Nd6 16. Rc1 Re8 17. Re3 Rxe3 18. Bxe3 Nc4 19. b3 Nxe3 20. Qxe3 c5
21. Ne2 cxd4 22. Nxd4 Qb6 23. Rd1 Rc8 24. h3 Bf6 25. Kh2 Kf8 26. Rd3 Re8 27.
Qd2 Bxd4 28. Rxd4 Re2 29. Qd3 Rxa2 30. Rxd5 Qf6 31. Qd4 1/2-1/2

[Event "Paracin 2018"]
[Site "Paracin"]
[Date "2018.07.10"]
[Round "6.20"]
[White "Harsha, Bharathakoti"]
[Black "Popovic, Milan S"]
[Result "1/2-1/2"]
[WhiteElo "2465"]
[BlackElo "2264"]
[PlyCount "73"]
[EventDate "2018.??.??"]

1. d4 Nf6 2. c4 g6 3. Nc3 Bg7 4. e4 O-O 5. h3 c6 6. Nf3 d5 7. e5 Ne4 8. Bd3
Nxc3 9. bxc3 dxc4 10. Bxc4 c5 11. O-O Nc6 12. a4 cxd4 13. cxd4 Bf5 14. Re1 Rc8
15. Ba3 Na5 16. Ba2 Bc2 17. Qd2 Nb3 18. Bxb3 Bxb3 19. Qb4 Bd5 20. Qxe7 Bxf3 21.
gxf3 Qxd4 22. Rad1 Qf4 23. Qxb7 Rfe8 24. e6 fxe6 25. Rxe6 Be5 26. Rxe8+ Rxe8
27. Qd7 Rb8 28. Kf1 Qc4+ 29. Kg2 Qf4 30. Kf1 Qc4+ 31. Qd3 Qxd3+ 32. Rxd3 Rb1+
33. Kg2 Ra1 34. Bc5 Rxa4 35. Rd8+ Kf7 36. Rd7+ Ke6 37. Rxa7 1/2-1/2

[Event "Paracin 2018"]
[Site "Paracin, Hotel Petrus"]
[Date "2018.07.10"]
[Round "6.31"]
[White "Demirag, Gokhan"]
[Black "Pantelic, Sasa"]
[Result "0-1"]
[WhiteElo "1855"]
[BlackElo "2316"]
[PlyCount "76"]
[EventDate "2018.07.06"]

1. e4 c5 2. Nf3 d6 3. c3 Nf6 4. Be2 g6 5. O-O Bg7 6. Bb5+ Bd7 7. Bxd7+ Nbxd7 8.
Qe2 O-O 9. d4 e5 10. dxc5 Nxc5 11. Bg5 Ncxe4 12. Bxf6 Nxf6 13. Rd1 Qc7 14. c4
Rac8 15. Nc3 Rfd8 16. a4 Qxc4 17. Qxc4 Rxc4 18. Nxe5 Rcc8 19. Nf3 a6 20. Ra3 d5
21. h3 Rc7 22. Rb3 Bf8 23. Rb6 Kg7 24. Rd2 Be7 25. g4 Ne4 26. Re2 Nxc3 27. bxc3
Bf6 28. Ne5 d4 29. cxd4 Rxd4 30. Nf3 Rxa4 31. g5 Be7 32. Reb2 Bc5 33. Rxb7 Rxb7
34. Rxb7 Ra2 35. Ne5 Rxf2 36. Nd3 Rf5+ 37. Nxc5 Rxg5+ 38. Kf2 Rxc5 0-1

[Event "Paracin 2018"]
[Site "Paracin, Hotel Petrus"]
[Date "2018.07.10"]
[Round "6.32"]
[White "Arsovic, Zoran"]
[Black "Horton, Jamie A"]
[Result "1-0"]
[WhiteElo "2436"]
[BlackElo "2189"]
[PlyCount "141"]
[EventDate "2018.07.06"]

1. Nf3 Nf6 2. c4 e6 3. g3 d5 4. Bg2 Be7 5. O-O O-O 6. d4 dxc4 7. Qc2 a6 8. a4
Bd7 9. Qxc4 Bc6 10. Bg5 Bd5 11. Qd3 c5 12. Rd1 cxd4 13. Nxd4 Bxg2 14. Kxg2 Qd5+
15. Nf3 Qxd3 16. Rxd3 Nc6 17. Nbd2 Rfd8 18. Rxd8+ Rxd8 19. Rc1 h6 20. Bxf6 Bxf6
21. Rc2 Rd7 22. Nb3 Be7 23. Ne1 Nb4 24. Rc8+ Kh7 25. Nf3 Nc6 26. g4 g5 27. h3
Kg7 28. Nc1 Bf6 29. Nd3 Be7 30. b3 f6 31. Kf1 Nb4 32. Nfe1 Nxd3 33. Nxd3 Bd6
34. Ke1 Kf7 35. Kd2 Kg7 36. Ke3 Kf7 37. f3 Be7 38. Kd2 Bb4+ 39. Kc2 Bd6 40. Kc3
Be7 41. Kc4 Rd5 42. Rb8 Rd7 43. b4 Rc7+ 44. Kd4 Rd7+ 45. Kc4 Rc7+ 46. Kb3 Kg6
47. Nb2 Bd6 48. Rd8 Be7 49. Rg8+ Kf7 50. Ra8 f5 51. Nc4 Bf6 52. Rb8 Ke7 53. b5
axb5 54. axb5 Bd4 55. b6 Rd7 56. e4 f4 57. Kb4 Bf2 58. Ne5 Rd1 59. Rxb7+ Ke8
60. Kb5 Bd4 61. Nf7 Rb1+ 62. Kc6 Bxb6 63. Nd6+ Kf8 64. Rxb6 Rc1+ 65. Kd7 Rc3
66. Kxe6 Rxf3 67. Kf6 Kg8 68. Kg6 Kf8 69. Kf6 Kg8 70. Rb8+ Kh7 71. Nf7 1-0

[Event "Paracin 2018"]
[Site "Paracin, Hotel Petrus"]
[Date "2018.07.10"]
[Round "6.34"]
[White "Olcum, Ahmet"]
[Black "Stanojevic, Ilija"]
[Result "1-0"]
[WhiteElo "2316"]
[BlackElo "2120"]
[PlyCount "99"]
[EventDate "2018.07.06"]

1. d4 b6 2. Bf4 Bb7 3. e3 Nf6 4. Nf3 e6 5. Nbd2 Be7 6. Bd3 Nh5 7. h4 Nxf4 8.
exf4 Nc6 9. c3 d6 10. Qe2 Qd7 11. O-O-O O-O-O 12. Rhe1 h5 13. Ne4 Rde8 14. Bb5
Bf6 15. Qc4 d5 16. Qa4 a6 17. Bxc6 Qxc6 18. Qxc6 Bxc6 19. Neg5 Rhf8 20. Re3 Bd7
21. Ne5 Bxe5 22. fxe5 f6 23. Nh3 Kd8 24. Rde1 Rh8 25. exf6 gxf6 26. Nf4 Rh6 27.
Kd2 f5 28. Rg3 Re7 29. Rg5 Be8 30. Re3 Kd7 31. Nd3 Kd6 32. Reg3 Rhh7 33. Ke3
Ref7 34. Kf4 c5 35. Rg8 Re7 36. Ne5 a5 37. Rf8 Kc7 38. Rgg8 Bb5 39. Rc8+ Kb7
40. dxc5 bxc5 41. Rxc5 Kb6 42. Rcc8 Ba6 43. Rb8+ Bb7 44. Ke3 a4 45. Kd4 a3 46.
bxa3 Rhg7 47. g3 f4 48. gxf4 Rxg8 49. Rxg8 Ba6 50. Rg6 1-0

[Event "Paracin 2018"]
[Site "Paracin, Hotel Petrus"]
[Date "2018.07.10"]
[Round "6.35"]
[White "Milosevic, Milos"]
[Black "Krstic, Milos"]
[Result "1/2-1/2"]
[WhiteElo "2315"]
[BlackElo "2137"]
[PlyCount "58"]
[EventDate "2018.07.06"]

1. d4 Nf6 2. Bg5 e6 3. e4 h6 4. Bxf6 Qxf6 5. Nc3 Bb4 6. Qd2 d6 7. a3 Bxc3 8.
bxc3 e5 9. Nf3 O-O 10. Bd3 b6 11. O-O Bb7 12. a4 a5 13. Rfe1 Qe7 14. h3 Nd7 15.
Nh2 Nf6 16. Qe2 Bc6 17. Nf1 Rfe8 18. Ng3 g6 19. Bb5 Bxb5 20. Qxb5 h5 21. Re3
Qd7 22. Qe2 h4 23. Nf1 Nh5 24. Nh2 Nf4 25. Qf3 Qe7 26. Qg4 Kg7 27. Nf3 Rh8 28.
Rb1 Qe6 29. Qxe6 Nxe6 1/2-1/2

[Event "Paracin 2018"]
[Site "Paracin, Hotel Petrus"]
[Date "2018.07.10"]
[Round "6.36"]
[White "Djokic, Slavoljub"]
[Black "Sredojevic, Ivan"]
[Result "0-1"]
[WhiteElo "2118"]
[BlackElo "2298"]
[PlyCount "62"]
[EventDate "2018.07.06"]

1. c4 Nf6 2. Nc3 g6 3. Nf3 Bg7 4. g3 O-O 5. Bg2 d6 6. O-O e5 7. d4 Nbd7 8. Bg5
c6 9. dxe5 dxe5 10. Ne4 Qb6 11. Bxf6 Nxf6 12. Nxf6+ Bxf6 13. Qc2 e4 14. Qxe4
Bf5 15. Qf4 Bxb2 16. Rae1 Qc5 17. e4 Be6 18. Rb1 Bg7 19. Rxb7 Qxc4 20. Rc1 Qxa2
21. Rxc6 Rac8 22. Rbc7 Rxc7 23. Rxc7 a5 24. h4 a4 25. e5 a3 26. Qd4 Qe2 27. Ra7
a2 28. Ra5 Rc8 29. Kh2 h6 30. g4 Qc4 31. Kh3 h5 0-1

[Event "Paracin 2018"]
[Site "Paracin, Hotel Petrus"]
[Date "2018.07.10"]
[Round "6.37"]
[White "Ersahin, Bulent"]
[Black "Omorjan, Dejan"]
[Result "1/2-1/2"]
[WhiteElo "2179"]
[BlackElo "2292"]
[PlyCount "48"]
[EventDate "2018.07.06"]

1. e4 c5 2. Nf3 d6 3. d4 cxd4 4. Nxd4 Nf6 5. Nc3 a6 6. Bg5 Nbd7 7. Qe2 e6 8.
O-O-O Be7 9. f4 O-O 10. g4 Qc7 11. Bg2 Rb8 12. h4 Nc5 13. Rh3 h6 14. Kb1 Re8
15. a3 Bd7 16. e5 dxe5 17. fxe5 Nh7 18. Bxe7 Rxe7 19. g5 h5 20. Qxh5 Qxe5 21.
Nf3 Qf5 22. Nd4 Qe5 23. Nf3 Qf5 24. Nd4 Qe5 1/2-1/2

[Event "Paracin 2018"]
[Site "Paracin, Hotel Petrus"]
[Date "2018.07.10"]
[Round "6.38"]
[White "Shoboev, Dandar"]
[Black "Cvetkovic, Nemanja"]
[Result "0-1"]
[WhiteElo "2086"]
[BlackElo "2278"]
[PlyCount "60"]
[EventDate "2018.07.06"]

1. d4 Nf6 2. Bg5 e6 3. e4 h6 4. Bxf6 Qxf6 5. Nc3 d6 6. Qd2 a6 7. f4 g5 8. fxg5
hxg5 9. O-O-O Nc6 10. Kb1 Bg7 11. Nce2 Bd7 12. Nf3 g4 13. Ne1 O-O-O 14. c3 Rh7
15. Nd3 Rdh8 16. h3 e5 17. d5 Nb8 18. Ng3 gxh3 19. gxh3 Qf3 20. Qe1 Bxh3 21.
Bxh3+ Rxh3 22. Rxh3 Rxh3 23. Nf5 Bf6 24. a3 b6 25. Ka2 Bg5 26. Qg1 Kb7 27. Nf2
Be3 28. Rd3 Qe2 29. Qg4 Qxf2 30. Qxh3 Bc1 0-1

[Event "Paracin 2018"]
[Site "Paracin, Hotel Petrus"]
[Date "2018.07.10"]
[Round "6.39"]
[White "Popovic, Aleksandar M"]
[Black "Radojkovic, Stefan"]
[Result "1-0"]
[WhiteElo "2264"]
[BlackElo "2105"]
[PlyCount "51"]
[EventDate "2018.07.06"]

1. Nf3 Nf6 2. g3 b6 3. Bg2 Bb7 4. c4 c5 5. O-O e6 6. e3 Qc7 7. b3 d5 8. Bb2 Be7
9. Nc3 dxc4 10. bxc4 Nc6 11. Qe2 Rc8 12. Rac1 O-O 13. Rfd1 Rfd8 14. d4 Na5 15.
Nb5 Qb8 16. d5 Ne8 17. dxe6 fxe6 18. Bh3 Rxd1+ 19. Rxd1 Rd8 20. Bxe6+ Kh8 21.
Rxd8 Qxd8 22. Ne5 Qa8 23. Qh5 h6 24. Ng6+ Kh7 25. Nxe7 Qd8 26. Qg6+ 1-0

[Event "Paracin 2018"]
[Site "Paracin, Hotel Petrus"]
[Date "2018.07.10"]
[Round "6.40"]
[White "Isha, Sharma"]
[Black "Jocev, Milan"]
[Result "0-1"]
[WhiteElo "2062"]
[BlackElo "2256"]
[PlyCount "50"]
[EventDate "2018.07.06"]

1. e4 e5 2. Nf3 Nf6 3. Nxe5 d6 4. Nf3 Nxe4 5. d4 d5 6. Bd3 Nc6 7. O-O Be7 8.
Re1 Bg4 9. Bxe4 dxe4 10. Rxe4 f5 11. Re1 Bxf3 12. Qxf3 Nxd4 13. Qxb7 O-O 14.
Qa6 Bd6 15. Be3 Qh4 16. Qc4+ Kh8 17. Bxd4 Qxh2+ 18. Kf1 Qh1+ 19. Ke2 Rae8+ 20.
Be3 Qxg2 21. Kd1 f4 22. Bd2 Qxf2 23. Rf1 Qg2 24. Nc3 f3 25. Nd5 Qe2+ 0-1

[Event "Paracin 2018"]
[Site "Paracin, Hotel Petrus"]
[Date "2018.07.10"]
[Round "6.41"]
[White "Matovic, Mihajlo Z"]
[Black "Bojicic, Andjela"]
[Result "1/2-1/2"]
[WhiteElo "2256"]
[BlackElo "2028"]
[PlyCount "54"]
[EventDate "2018.07.06"]

1. Nf3 Nf6 2. g3 g6 3. b3 Bg7 4. Bb2 O-O 5. Bg2 d6 6. d4 c5 7. c4 Nc6 8. O-O a6
9. Nc3 cxd4 10. Nxd4 Bd7 11. e3 Rb8 12. Rc1 Nxd4 13. exd4 Bg4 14. Qd2 Qd7 15.
Nd5 Nxd5 16. Bxd5 b5 17. Bg2 Rfc8 18. cxb5 axb5 19. d5 Bxb2 20. Qxb2 Qa7 21. h3
Bd7 22. Rce1 Bf5 23. Rc1 Rxc1 24. Rxc1 Rc8 25. Rxc8+ Bxc8 26. Qe2 b4 27. Qb5
Qb7 1/2-1/2

[Event "Paracin 2018"]
[Site "Paracin, Hotel Petrus"]
[Date "2018.07.10"]
[Round "6.42"]
[White "Mitev, Valentin"]
[Black "Terziev, Dimo"]
[Result "0-1"]
[WhiteElo "2242"]
[BlackElo "2016"]
[PlyCount "64"]
[EventDate "2018.07.06"]

1. d4 g6 2. e4 Bg7 3. Nc3 c6 4. f4 d5 5. e5 Nh6 6. Nf3 Bg4 7. Be3 O-O 8. h3
Bxf3 9. Qxf3 f6 10. exf6 exf6 11. O-O-O Nd7 12. g4 f5 13. Bd3 Nb6 14. Ne2 Nc8
15. c4 Ne7 16. c5 b6 17. g5 Nf7 18. Bd2 Rb8 19. Bc3 Qd7 20. Bc2 Nd8 21. Rhe1
Ne6 22. Qe3 Kf7 23. cxb6 Rxb6 24. Ng1 Qd6 25. Nf3 Qxf4 26. Kb1 Qxe3 27. Rxe3
Re8 28. Rde1 Nc8 29. Ba5 Rb5 30. b4 Nd6 31. Ba4 Nxd4 32. Bxb5 cxb5 0-1

[Event "Paracin 2018"]
[Site "Paracin, Hotel Petrus"]
[Date "2018.07.10"]
[Round "6.43"]
[White "Ashid, Tsetseg-Ulzii"]
[Black "Olson, Hamish"]
[Result "1/2-1/2"]
[WhiteElo "2055"]
[BlackElo "2229"]
[PlyCount "77"]
[EventDate "2018.07.06"]

1. e4 e5 2. Nf3 Nc6 3. Nc3 Nf6 4. Bb5 Bb4 5. O-O O-O 6. d3 Bxc3 7. bxc3 d6 8.
Bg5 h6 9. Bh4 Bd7 10. Rb1 a6 11. Bc4 b5 12. Bd5 Qe7 13. h3 Rab8 14. c4 bxc4 15.
Bxc4 Be6 16. Bxe6 fxe6 17. Qd2 Rb5 18. Rxb5 axb5 19. Rb1 Qe8 20. Bxf6 Rxf6 21.
c3 Ne7 22. Qb2 c6 23. Qb4 Qd8 24. c4 Ng6 25. cxb5 cxb5 26. Qxb5 Rxf3 27. gxf3
Qg5+ 28. Kh1 Qf6 29. Qe8+ Kh7 30. Rb8 Qxf3+ 31. Kg1 Nf4 32. Qg8+ Kg6 33. Qe8+
Kg5 34. Qe7+ Kh5 35. Qxg7 Nxh3+ 36. Kh2 Nxf2 37. Qg2 Ng4+ 38. Kg1 Qe3+ 39. Kh1
1/2-1/2

[Event "Paracin 2018"]
[Site "Paracin, Hotel Petrus"]
[Date "2018.07.10"]
[Round "6.44"]
[White "Mehmed, Elif"]
[Black "Sahil, Tickoo"]
[Result "1-0"]
[WhiteElo "1973"]
[BlackElo "2202"]
[PlyCount "83"]
[EventDate "2018.07.06"]

1. e4 c5 2. Nf3 d6 3. d4 cxd4 4. Nxd4 Nf6 5. Nc3 a6 6. Bc4 e6 7. Bb3 Nbd7 8.
Bg5 Nc5 9. f4 Be7 10. Qf3 Qc7 11. O-O-O O-O 12. g4 b5 13. Rhe1 Bb7 14. Bxf6
Bxf6 15. g5 Bxd4 16. Rxd4 Rfe8 17. Red1 Rad8 18. Qg3 Qa5 19. a3 Nxb3+ 20. cxb3
d5 21. exd5 Bxd5 22. Nxd5 Rxd5 23. Rxd5 exd5 24. Rxd5 Qb6 25. Kb1 g6 26. Ka2
Qc7 27. Rd4 Qc2 28. Qd3 Qc7 29. Qd2 Qc5 30. Rd8 Qe7 31. Rd7 Qe2 32. Qd5 Qe6 33.
Qd4 a5 34. Qd5 a4 35. Qxe6 fxe6 36. bxa4 bxa4 37. Ra7 e5 38. fxe5 Rxe5 39. Rxa4
Rxg5 40. Rc4 Rh5 41. Rc2 Kf7 42. Re2 1-0

[Event "Paracin 2018"]
[Site "Paracin, Hotel Petrus"]
[Date "2018.07.10"]
[Round "6.45"]
[White "Ahmed, Fareed"]
[Black "Bergsson, Stefan"]
[Result "1-0"]
[WhiteElo "1953"]
[BlackElo "2192"]
[PlyCount "47"]
[EventDate "2018.07.06"]

1. e4 c5 2. Nf3 d6 3. d4 cxd4 4. Nxd4 Nf6 5. Nc3 a6 6. Bc4 e6 7. Bb3 Nbd7 8.
Qf3 Qc7 9. Bg5 b5 10. O-O-O Bb7 11. Rhe1 Rc8 12. Nd5 exd5 13. exd5+ Be7 14. Nf5
Ne5 15. Rxe5 dxe5 16. Nxg7+ Kd8 17. Bxf6 Rg8 18. Ne6+ fxe6 19. dxe6+ Ke8 20.
Qh5+ Rg6 21. Qxh7 Rxf6 22. Qh5+ Rg6 23. Qxg6+ Kf8 24. Qf7# 1-0

[Event "Paracin 2018"]
[Site "Paracin, Hotel Petrus"]
[Date "2018.07.10"]
[Round "6.46"]
[White "Ozen, Bahadir"]
[Black "Altun, Arda"]
[Result "1-0"]
[WhiteElo "2317"]
[BlackElo "1955"]
[PlyCount "47"]
[EventDate "2018.07.06"]

1. g3 d5 2. Nf3 Nf6 3. Bg2 c5 4. O-O Nc6 5. d3 e6 6. Nbd2 Be7 7. e4 b6 8. Re1
Bb7 9. c3 Qc7 10. exd5 exd5 11. Nf1 O-O 12. Bf4 Qd7 13. Ne5 Nxe5 14. Bxe5 Rad8
15. a4 Ne8 16. a5 f6 17. Bf4 g5 18. Bc1 b5 19. a6 Bc6 20. Ne3 Kf7 21. Qf3 Ng7
22. c4 g4 23. Nxg4 Nf5 24. Qxf5 1-0

[Event "Paracin 2018"]
[Site "Paracin, Hotel Petrus"]
[Date "2018.07.10"]
[Round "6.47"]
[White "Jigjidsuren, Purev"]
[Black "Eric, Jovana"]
[Result "1-0"]
[WhiteElo "2183"]
[BlackElo "2342"]
[PlyCount "55"]
[EventDate "2018.07.06"]

1. e4 g6 2. d4 Bg7 3. f4 d6 4. c3 Nf6 5. Bd3 O-O 6. Nf3 c5 7. d5 e6 8. dxe6
fxe6 9. O-O Nc6 10. Bc2 Qe7 11. Na3 b6 12. Re1 Nh5 13. g3 Bb7 14. Nc4 Rad8 15.
Ne3 Kh8 16. Bd3 Qd7 17. Bf1 d5 18. e5 d4 19. Ng2 Bh6 20. cxd4 Nxd4 21. Nxd4
cxd4 22. Qd3 Qd5 23. Bd2 Rf7 24. Re2 Rg8 25. b3 Rc7 26. Rf2 Rgc8 27. Be2 Kg7
28. Bf3 1-0

[Event "Paracin 2018"]
[Site "Paracin, Hotel Petrus"]
[Date "2018.07.10"]
[Round "6.48"]
[White "Stankovic, Milos M"]
[Black "Vaishali, R."]
[Result "0-1"]
[WhiteElo "2100"]
[BlackElo "2337"]
[PlyCount "88"]
[EventDate "2018.07.06"]

1. d4 Nf6 2. c4 e6 3. Nc3 Bb4 4. f3 d5 5. a3 Bxc3+ 6. bxc3 c5 7. cxd5 exd5 8.
e3 Qc7 9. Bd2 O-O 10. Bd3 Re8 11. Ne2 b6 12. O-O Ba6 13. Qb1 Bxd3 14. Qxd3 Nc6
15. Ng3 Rad8 16. Rae1 Na5 17. e4 cxd4 18. cxd4 Qc4 19. Qe3 dxe4 20. Nf5 Rd5 21.
Qg5 Rxf5 22. Qxf5 Nb3 23. Be3 Nxd4 24. Bxd4 Qxd4+ 25. Kh1 e3 26. Re2 Nd5 27.
Rfe1 g6 28. Qd7 Re6 29. g3 Qc4 30. Kg2 a5 31. a4 h5 32. h4 Kg7 33. Qd8 Qd3 34.
Kh2 Qf5 35. Kg2 Rf6 36. f4 Nxf4+ 37. gxf4 Qg4+ 38. Kh2 Qxh4+ 39. Kg2 Qg4+ 40.
Kh2 Qxf4+ 41. Kg2 Qg4+ 42. Kh1 Rf2 43. Qd4+ Qxd4 44. Rxf2 Qh4+ 0-1